| 000 | 00979nam a2200265 i 4500 | ||
|---|---|---|---|
| 001 | bg | ||
| 245 | 1 | 0 |
_aObywatele Europy : _bintegracja europejska w polskim życiu publicznym / _cpod red. Mateusza Fałkowskiego, Jacka Kucharczyka ; Instytut Spraw Publicznych. |
| 260 |
_aWarszawa : _bISP, _c2005. |
||
| 300 |
_a203 s. : _b24 cm. |
||
| 504 | _aBibliogr. przy pracach. | ||
| 650 | 9 | _aPolska a integracja europejska | |
| 650 | 9 |
_aIntegracja europejska _xsocjologia _zPolska _yod 2001 r. |
|
| 650 | 9 |
_aReferendum _zPolska _y2003 r. |
|
| 700 | 1 |
_aFAŁKOWSKI, Mateusz. _eRed. |
|
| 700 | 1 |
_aKUCHARCZYK, Jacek. _eRed. |
|
| 710 | 0 | _aInstytut Spraw Publicznych | |
| 020 | _a8388594745 | ||
| 040 | _cBPK | ||
| 041 | 0 | _apol | |
| 080 | _a327.39:324:316.4/.6](4-67:438) | ||
| 920 | _a83-88594-74-5 | ||
| 942 | _cKS | ||
| 008 | s pl f |000 0 pol | ||
| 999 |
_c45743 _d45743 |
||
| 856 |
_uhttp://koha.tu.koszalin.pl/cgi-bin/koha/opac-detail.pl?biblionumber=45743 _yKatalog online BPK |
||